| 000 | 00610nam a22002177a 4500 | ||
|---|---|---|---|
| 003 | OSt | ||
| 005 | 20210426112838.0 | ||
| 008 | 210127s1965 ||||| |||| 00| 0 eng d | ||
| 040 |
_aeng _beng _cDLC |
||
| 041 | _aeng | ||
| 080 |
_a94 _bB-18 |
||
| 100 |
_9700 _aBaldwin, D. Leland |
||
| 245 |
_aThe Stream of American History _c/ by: American Book Company |
||
| 250 | _a3rd edition | ||
| 260 |
_aNew York _bAmerican Book Company _c1965 |
||
| 300 |
_a832 p. Appendices 28 p. Index 17 p. _bill. |
||
| 650 | 0 |
_9252 _aHistory |
|
| 653 | _aისტორია | ||
| 700 |
_9702 _aKelley, Robert |
||
| 942 |
_2udc _cBK _e3 |
||
| 999 |
_c981 _d981 |
||